Ligue 1: 50+ Goals (2000-) - Statistics

General Stats
  • This quiz has been taken 18 times
  • The average score is 28 of 65
Answer Stats
Ranking Player Positions Nationality Matches Goals (assists) Periods Clubs % Correct
5 Edinson Cavani MF, FW 200 138 (24) 2013-2020
100%
1 Kylian Mbappé MF, FW 246 191 (64) 2015-2024
100%
7 Zlatan Ibrahimović FW 122 113 (37) 2012-2016
100%
2 Alexandre Lacazette FW 297 161 (30) 2009-2016, 2022-2025
93%
20 Neymar MF, FW 112 82 (48) 2017-2023
93%
16 Jonathan David FW 178 87 (15) 2020-2025
86%
3 Wissam Ben Yedder MF, FW 320 161 (42) 2010-2015, 2019-2024
86%
6 Bafétimbi Gomis FW 340 121 (29) 2004-2013, 2016-2017
79%
52 Moussa Dembélé MF, FW 129 56 (10) 2018-2023
79%
9 Dimitri Payet MF, FW 492 103 (115) 2005-2014, 2016-2023
71%
46 Pierre-Emerick Aubameyang MF, FW 154 58 (25) 2009-2012, 2023-2024
71%
29 Radamel Falcao FW 108 65 (10) 2013-2014, 2016-2019
71%
8 André-Pierre Gignac MF, FW 290 103 (21) 2006-2015
64%
11 Kévin Gameiro FW 305 101 (24) 2005-2006, 2007-2012, 2021-2024
64%
12 Mamadou Niang FW 258 101 (29) 2000-2011
64%
4 Pauleta FW 264 141 (21) 2000-2008
64%
50 Ángel Di María MF, FW 197 56 (72) 2015-2022
57%
13 Djibril Cissé FW 206 96 (19) 2000-2003, 2006-2008, 2013-2015
57%
24 Juninho Pernambucano MF 248 74 (62) 2001-2009
57%
30 Memphis MF, FW 139 63 (43) 2016-2021
57%
23 Wahbi Khazri MF, FW 319 75 (35) 2012-2015, 2017-2025
57%
53 André Ayew MF, FW 228 55 (14) 2007-2008, 2010-2014, 2023-2025
50%
17 Florian Thauvin MF, FW 259 86 (44) 2012-2021
50%
43 Lisandro López MF, FW 119 59 (13) 2009-2013
50%
37 Martin Terrier MF, FW 202 60 (22) 2016-2024
50%
10 Jimmy Briand MF, FW 483 102 (61) 2002-2013, 2015-2022
43%
57 Nabil Fekir MF, FW 145 54 (30) 2013-2019
43%
34 Valère Germain MF, FW 313 61 (27) 2010-2011, 2013-2023
43%
47 Amine Gouiri MF, FW 180 57 (27) 2017-2018, 2019-2025
36%
58 Arnaud Kalimuendo MF, FW 156 53 (10) 2020-2025
36%
15 Gaëtan Laborde MF, FW 297 88 (39) 2015-2025
36%
59 Habib Diallo FW 150 53 (9) 2016-2017, 2019-2023
36%
26 Loïc Rémy FW 210 71 (15) 2006-2012, 2018-2020
36%
63 Ludovic Giuly MF, FW 224 50 (39) 2000-2003, 2008-2010, 2012-2013
36%
51 Marouane Chamakh FW 228 56 (24) 2002-2010
36%
55 Nenê MF, FW 142 55 (37) 2007-2013
36%
65 Sidney Govou MF, FW 324 50 (37) 2000-2009, 2011-2013
36%
18 Andy Delort FW 268 85 (32) 2011-2012, 2015-2022, 2024-2025
29%
42 Karl Toko Ekambi MF, FW 177 59 (26) 2016-2017, 2019-2023
29%
14 Mevlüt Erdinç FW 295 92 (19) 2005-2017
29%
21 Péguy Luyindula MF, FW 322 79 (19) 2000-2011
29%
39 Rémy Cabella MF, FW 330 60 (46) 2010-2013, 2015-2018, 2021-2025
29%
49 Shabani Nonda FW 116 57 (10) 2000-2005
29%
61 Terem Moffi FW 138 52 (11) 2020-2025
29%
36 Jean-Claude Darcheville FW 173 60 (23) 2001-2006, 2008-2009
21%
44 Ludovic Ajorque FW 166 59 (19) 2018-2022, 2024-2025
21%
28 Mickaël Pagis FW 243 68 (24) 2001-2010
21%
25 Nolan Roux MF, FW 295 73 (16) 2010-2021
21%
33 Souleymane Camara FW 423 62 (27) 2001-2006, 2009-2020
21%
32 Toifilou Maoulida FW 310 63 (7) 2001-2007, 2009-2010, 2012-2014
21%
56 Benjamin Bourigeaud MF, FW 261 54 (48) 2014-2015, 2017-2025
14%
45 Cheick Diabaté FW 143 58 (12) 2009-2017
14%
48 Daniel Moreira FW 274 57 (30) 2000-2010
14%
54 Frédéric Piquionne FW 238 55 (14) 2001-2009
14%
22 Grégory Pujol FW 313 76 (16) 2002-2013, 2015-2016
14%
40 Ilan FW 239 59 (14) 2004-2009, 2011-2014
14%
41 John Utaka MF, FW 238 59 (25) 2002-2006, 2010-2013
14%
27 Marama Vahirua MF, FW 307 70 (35) 2000-2011
14%
60 Max Gradel MF, FW 187 53 (21) 2011-2014, 2017-2020
14%
62 Michel Bastos DF, MF 195 51 (24) 2006-2013
14%
64 Nicolas de Préville MF, FW 273 50 (34) 2012-2022
14%
38 Olivier Monterrubio MF 275 60 (62) 2000-2007, 2009-2011
14%
19 Pierre-Alain Frau MF, FW 317 83 (32) 2001-2011, 2013-2014
14%
31 Romain Hamouma MF, FW 347 63 (46) 2010-2023
14%
35 Youssouf Hadji MF, FW 276 61 (23) 2003-2011, 2016-2017
14%
No matching quizzes found
Score Distribution
Percent of People with Each Score
Percentile by Number Answered
Your Score History
You have not taken this quiz